Sátira en la Ilustración española (Record no. 91791)

MARC details
000 -LEADER
campo de control de longitud fija 00721nam a2200217 i 4500
001 - NÚMERO DE CONTROL
campo de control 91791
003 - IDENTIFICADOR DE NÚMERO DE CONTROL
campo de control ES-MaACL
005 - FECHA Y HORA DE LA ÚLTIMA TRANSACCIÓN
campo de control 20230906180821.0
007 - CAMPO FIJO DE DESCRIPCIÓN FÍSICA--INFORMACIÓN GENERAL
campo de control de longitud fija t|
008 - DATOS DE LONGITUD FIJA--INFORMACIÓN GENERAL
campo de control de longitud fija 050215s2004 gw ||||1| spa d
020 ## - NÚMERO INTERNACIONAL ESTÁNDAR DEL LIBRO
Número Internacional Estándar del Libro 3-86527-122-7
080 ## - NÚMERO DE LA CLASIFICACIÓN DECIMAL UNIVERSAL
Número de la Clasificación Decimal Universal 821.134.2-7.09"17"
080 ## - NÚMERO DE LA CLASIFICACIÓN DECIMAL UNIVERSAL
Número de la Clasificación Decimal Universal 05(460.27 M.)
100 1# - ENTRADA PRINCIPAL--NOMBRE DE PERSONA
Nombre de persona Uzcanga Meinecke, Francisco.
9 (RLIN) 112349
245 10 - MENCIÓN DEL TÍTULO
Título Sátira en la Ilustración española
Resto del título : análisis de la publicación periódica El Censor (1781-1787) /
Mención de responsabilidad, etc. Francisco Uzcanga Meinecke.
260 ## - PUBLICACIÓN, DISTRIBUCIÓN, ETC.
Lugar de publicación, distribución, etc. Frankfur am Main :
Nombre del editor, distribuidor, etc. Vervuert,
Fecha de publicación, distribución, etc. 2004.
300 ## - DESCRIPCIÓN FÍSICA
Extensión 223 p. ;
Dimensiones 22 cm.
630 37 - PUNTO DE ACCESO ADICIONAL DE MATERIA--TÍTULO UNIFORME
Título uniforme El Censor.
9 (RLIN) 135281
650 14 - PUNTO DE ACCESO ADICIONAL DE MATERIA--TÉRMINO DE MATERIA
Término de materia o nombre geográfico como elemento de entrada Sática política española-
Subdivisión cronológica S.XVIII.
9 (RLIN) 16996
852 ## - LOCALIZACIÓN
Ubicación ES-MaACL
Número de control de estantería L-28836
Sublocalización o colección R.135336
Holdings
Estatus retirado Estado de pérdida Estado de daño No para préstamo Biblioteca de origen Biblioteca actual Ubicación en estantería Fecha de adquisición Fuente de adquisición Total de préstamos Signatura topográfica completa Código de barras Visto por última vez Precio de reemplazo Tipo de ítem Koha
        Biblioteca del Ateneo de Madrid Biblioteca del Ateneo de Madrid Depósito 2 17/01/2008     L-28836 1095837 23/02/2023 23/02/2023 Libro impreso